Lógica de las nuevas violencias : ilusiones sobre el porvenir de la escuela /
Guardado en:
| Autor Principal: | |
|---|---|
| Formato: | Libro |
| Publicado: |
Buenos Aires :
Noveduc,
2015
|
| Materias: | |
| Etiquetas: |
Agregar Etiqueta
Sin Etiquetas, Sea el primero en etiquetar este registro!
|
| LEADER | 00920nam a22002295a 4500 | ||
|---|---|---|---|
| 001 | CEM.cems014678 | ||
| 005 | 20160217161852.0 | ||
| 008 | 130507s2015##################000#0#####d | ||
| 003 | CEMS | ||
| 020 | |a 9789875384569 | ||
| 082 | 0 | 4 | |a 371.5 |
| 100 | 1 | |a De la Vega, Eduardo | |
| 245 | 1 | 0 | |a Lógica de las nuevas violencias : |b ilusiones sobre el porvenir de la escuela / |c Eduardo de La Vega |
| 260 | |a Buenos Aires : |b Noveduc, |c 2015 | ||
| 300 | |a 128 p. | ||
| 505 | 0 | |a La alteridad maldita -- Teatro de la alteridad -- Lógica de las nuevas violencias -- Violencia escolar -- Los juegos del miedo -- Las nuevas guerras -- Las agencias de la ira -- Encrucijadas de la escuela -- El arte de los simulacros La democracia por advenir | |
| 653 | |a Violencia escolar | ||
| 653 | |a Pedagogía | ||
| 653 | |a Bullying | ||
| 653 | |a Violencia | ||
| 653 | |a Ciberbullying | ||
| 859 | |a CEMS |b BIB. CEMS - 11 de abril |h 371.5 |i V522 |p 27275.16 |t Ej.1 | ||
